Tendering procedure (Record no. 105382)

MARC details
000 -LEADER
fixed length control field 00727cam a2200169 4500
001 - CONTROL NUMBER
control field ##L133319
008 - FIXED-LENGTH DATA ELEMENTS--GENERAL INFORMATION
fixed length control field 060502n1966 000 0 eng u
035 ## - SYSTEM CONTROL NUMBER
System control number (Sirsi) u133319
041 0# - LANGUAGE CODE
Language code of text/sound track or separate title eng
050 04 - LIBRARY OF CONGRESS CALL NUMBER
Classification number 692.5 $2 18
111 2# - MAIN ENTRY--MEETING NAME
Meeting name or jurisdiction name as entry element Symposium on tendering procedure
Date of meeting or treaty signing (31 March 1966
Location of meeting College of Estate Management)
245 00 - TITLE STATEMENT
Title Tendering procedure
Remainder of title the proceedings of a symposium held at the College of Estate Management on 31 March 1966
260 ## - PUBLICATION, DISTRIBUTION, ETC.
Place of publication, distribution, etc. London
Name of publisher, distributor, etc. College of Estate Management
Date of publication, distribution, etc. 1966
505 2# - FORMATTED CONTENTS NOTE
Formatted contents note Principles of tendering procedure -- Negotiating a contract -- General discussion -- System building for housing: a controlled group discussion -- General discussion
690 ## - LOCAL SUBJECT ADDED ENTRY--TOPICAL TERM (OCLC, RLIN)
Topical term or geographic name as entry element Procurement
9 (RLIN) 6260
942 ## - ADDED ENTRY ELEMENTS (KOHA)
Suppress in OPAC 0
Holdings
Withdrawn status Lost status Source of classification or shelving scheme Damaged status Not for loan Home library Current library Shelving location Date acquired Total Checkouts Full call number Barcode Date last seen Copy number Price effective from Koha item type
    Dewey Decimal Classification     London London Basement 02/05/2006   SHELF 318 30072465 06/08/2019 1 06/08/2019 Book